000 00565cam a2200217 4500
001 B1563
008 090401t1983 xxu||||| |||| 00| 0 eng d
035 _a(Sirsi) u45230
041 _aeng
050 _a333.33709421
110 _aJones Lang Wootton
_92909
245 _aOffice development in Greater London outside the central area (1983)
260 _aLondon
_bJones Lang Wootton
_c1983
300 _a(40)leaves : ill.,maps ; 30cm.
350 _a0
650 _aFLOORSPACE
650 _aLONDON
650 _aOFFICES
942 _n0
948 _c04/03/1997
999 _c91663
_d91663